00771nam a2200193 i 4500001000700000003000900007005001700016007000300033008004100036245013300077260003100210300003400241650005100275700004800326700003000374852003200404999001900436952012200455121937ES-MaACL20230906191854.0t|070214s1966 sp r ||||1| spa d00aActualidades otorrinolaringológicas / cR. Poch Viñals [director] ; con la colaboración de R. Bartual Vicens ... [et al.]. aMadrid : bMarban, c1966. aVI, 246 p. : bil. ; c24 cm. 4aEnfermedades otorrinolaringológicas.91447231 aPoch Viñals, Rosendo (d1913-1986)9926991 aBartual Vicens, R.926201 aES-MaACLjC-29687 bR.60093 c121937d121937 00104070aATENEOMbATENEOMcDEPO2d2008-01-17eSCl0oC-29687p1127073r2023-02-23 00:00:00w2023-02-23yMONOGRAFIA